Battlefield 4 - Statistics

General Stats
  • This quiz has been taken 11 times
  • The average score is 59 of 187
Answer Stats
Hint Answer % Correct
Map (DLC) Operation Metro
80%
Map Zavod 311
80%
Map Dawnbreaker
70%
Carbine M4
70%
Map Operation Locker
70%
Map Siege of Shanghai
70%
Assault Rifle AEK-971
60%
Assault Rifle AK-12
60%
Map (DLC) Caspian Border
60%
Assault Rifle F2000
60%
Map Golmud Railway
60%
Map (DLC) Lost Islands
60%
Assault Rifle M16A4
60%
Map (DLC) Operation Firestorm
60%
Map (DLC) Operation Mortar
60%
Map Rogue Transmission
60%
Assault Rifle SCAR-H
60%
Map (DLC) Silk Road
60%
Carbine AK5C
50%
Map (DLC) Altai Range
50%
Assault Rifle AN-94
50%
Assault RIfle Bulldog
50%
Shotgun DAO-12
50%
Map (DLC) Dragon Pass
50%
Assault RIfle FAMAS
50%
Map Flood Zone
50%
Map (DLC) Giants of Karelia
50%
Map (DLC) Gulf of Oman
50%
Map Hainan Resort
50%
Map (DLC) Hammerhead
50%
Map (DLC) Hangar 21
50%
Map Lancang Dam
50%
MBT M1 Abrams
50%
Assault Rifle M416
50%
Carbine MTAR-21
50%
Map (DLC) Nansha Strike
50%
Assault Rifle SAR-21
50%
DMR SCAR-H SV
50%
Map (DLC) Wave Breaker
50%
Assault Rifle ACE 23
40%
Carbine ACW-R
40%
Assault Rifle AR-160
40%
PDW CZ-3A1
40%
Assault RIfle CZ-805
40%
Carbine G36C
40%
Assault Rifle L85A2
40%
IFV LAV-25
40%
Sniper M40A5
40%
PDW MP7
40%
Map (DLC) Pearl Market
40%
PDW PP-2000
40%
Map (DLC) Propaganda
40%
DMR SKS
40%
Map (DLC) Sunken Dragon
40%
Battle Pick Up USAS-12
40%
Shotgun 870MCS
30%
Carbine ACE 21 CQB
30%
Carbine ACE 52 CQB
30%
PDW AS VAL
30%
Assault Rifle AUG A3
30%
LMG AWS
30%
PDW CBJ-MS
30%
Sniper CS-LR4
30%
Map (DLC) Dragon Valley 2015
30%
Sidearm G18
30%
Sniper GOL Magnum
30%
Map (DLC) Guilin Peaks
30%
Sniper JNG-90
30%
PDW JS2
30%
Map (DLC) Lumphini Garden
30%
Shotgun M1014
30%
Sidearm M1911
30%
LMG M249
30%
Sidearm Mare's Leg
30%
LMG MG4
30%
DMR Mk11 Mod 0
30%
Sidearm MP412 REX
30%
PDW MPX
30%
PDW MX4
30%
Map (DLC) Operation Outbreak
30%
Map (DLC) Operation Whiteout
30%
Sidearm P226
30%
PDW P90
30%
PDW PDW-R
30%
LMG PKP Pecheneg
30%
Assault RIfle QBZ-95-1
30%
Light Vehicle Quad Bike
30%
LMG RPK
30%
Shotgun Saiga 12K
30%
Carbine SG553
30%
Shotgun SPAS-12
30%
PDW SR-2
30%
Sniper SR338
30%
DMR SVD-12
30%
MBT T-90A
30%
MBT Type-99 MBT
30%
Shotgun UTS-15
30%
Sniper 338-Recon
20%
Sidearm .44 Magnum
20%
Sidearm 93R
20%
AA Vehicle 9K22 Tunguska-M
20%
Attack Aircraft A-10 Warthog
20%
Carbine A-91
20%
IFV AAV-7A1 AMTRAC
20%
Special Aircraft AC-130
20%
DMR ACE 53 SV
20%
Naval Craft ACV
20%
Attack Helicopter AH-1Z Viper
20%
Scout Helicopter AH-6 Little Bird
20%
Carbine AKU-12
20%
Battle Pick Up AMR-2
20%
Special Aircraft B-1B Lancer
20%
Sidearm Compact 45
20%
Sniper CS5
20%
Sidearm CZ-75
20%
Shotgun DBV-12
20%
Sidearm DEagle 44
20%
Light Vehicle Desert Patrol Vehicle
20%
Light Vehicle Dirt Bike
20%
Naval Craft DV-15 Interceptor
20%
Fighter Aircraft F35
20%
Sidearm FN57
20%
Sniper FY-JS
20%
Carbine Groza-1
20%
PDW Groza-4
20%
Shotgun Hawk 12G
20%
Mobile Artillery HIMARS
20%
MBT HT-95 Levkov
20%
Battle Pick Up HVM-II
20%
Fighter Aircraft J-20
20%
Transport Helicopter KA-60 Kasatka
20%
Sniper L115
20%
LMG L86A2
20%
AA Vehicle LAV-AD
20%
LMG LSAT
20%
Light Vehicle LYT2021
20%
Light Vehicle M1161 ITV
20%
Battle Pick Up M136 CS
20%
LMG M240B
20%
Battle Pick Up M32 MGL
20%
LMG M60-E4
20%
Battle Pick Up M60-ULT
20%
Battle Pick Up M82A3
20%
Sidearm M9
20%
Sniper M98B
20%
Attack Helicopter Mi-28 Havoc
20%
Sidearm MP443
20%
Light Vehicle MRAP
20%
Naval Craft PWC
20%
LMG QBB-95-1
20%
Shotgun QBS-09
20%
DMR QBU-88
20%
Sidearm QSZ-92
20%
Naval Craft RCB-90
20%
DMR RFB
20%
Naval Craft RHIB
20%
Battle Pick Up Rorsch Mk-1
20%
LMG RPK-12
20%
Sniper Scout Elite
20%
Sidearm Shorty 12G
20%
Light Vehicle Skid Loader
20%
Light Vehicle Snowmobile
20%
Light Vehicle SPM-3
20%
Sniper SRR-61
20%
Attack Aircraft Su-25TM Frogfoot
20%
Fighter Aircraft Su-50
20%
Sniper SV-98
20%
Sidearm SW40
20%
LMG Type 88 LMG
20%
AA Vehicle Type 95 AA
20%
Carbine Type-95B-1
20%
LMG U-100 MK5
20%
Transport Helicopter UH-1Y Venom
20%
PDW UMP-9
20%
Sidearm Unica 6
20%
Light Vehicle VDV Buggy
20%
Special Aircraft Xian H-6
20%
Attack Helicopter Z-10W
20%
Scout Helicopter Z-11W
20%
Transport Helicopter Z-9 Haitun
20%
IFV ZBD-09
20%
Light Vehicle ZFB-05
20%
IFV BTR-20
10%
DMR M39 EBR
10%
Carbine Phantom Bow
10%
Attack Aircraft Q-5 Fanton
10%
Map (DLC) Zavod Graveyard Shift
10%
No matching quizzes found
Score Distribution
Percent of People with Each Score
Percentile by Number Answered
Your Score History
You have not taken this quiz